000 00973nam a2200289 i 4500
001 000007010
003 DO-SdBNP
005 20260318102249.0
007 ta
008 090904s1988 dr r 001 0 spa d
040 _aDO-SdBNP
_bspa
_cBNPHU
_erda
041 _aspa
082 4 _axxx
_bC183p
_222
100 1 _aCamilo de Cuello, Lourdes,
_eautor
_4aut.
_913081
245 1 0 _aPautas, usos y costumbres en el lenguaje dominicano /
_cLourdes Camilo de Cuello.
264 4 _aSanto Do,mingo :
_bEdiciones de Taller,
_c©1988.
300 _a164 páginas ;
_c17 cm.
336 _atexto
_btxt
_2rdacontent
337 _asin mediación
_bn
_2rdamedia
338 _avolumen
_bnc
_2rdacarrier
490 1 _aBiblioteca Taller
_v264
500 _aIncluye índice alfabético de nombres y materias
500 _aIncluye referencias bibliográficas y notas al pie de las páginas
504 _aBibliografía : páginas 149-151
590 _aInventariado, 2019/BT
942 _2ddc
_cLBS1
999 _c6794
_d6794